[Event "?"]
[Site "?"]
[Date "2011.07.09"]
[Round "1.13"]
[White "Meyer, Christoph"]
[Black "Enke, Nils"]
[Result "1-0"]
[WhiteElo "1795"]
[BlackElo "1561"]
[PlyCount "43"]
[EventDate "2011.??.??"]
[WhiteTeam "Stader SV"]
[BlackTeam "SK Cuxhaven"]

1. e4 e5 2. d4 exd4 3. Nf3 Nc6 4. c3 d5 5. exd5 Qxd5 6. cxd4 Nf6 7. Nc3 Bb4 8.
Bd2 Bxc3 9. bxc3 O-O 10. Be2 Bg4 11. O-O Rfe8 12. Re1 Ne4 13. Qc2 Nxd2 14. Qxd2
Re4 15. c4 Qd6 16. d5 Ne5 17. Nxe5 Bxe2 18. Nxf7 Qe7 19. Ng5 Qe5 20. Nxe4 Bxc4
21. Nc3 Qf6 22. Re6 1-0

[Event "?"]
[Site "?"]
[Date "2011.07.09"]
[Round "1.14"]
[White "Kuhr, Stefan"]
[Black "Olschok, Juergen"]
[Result "1/2-1/2"]
[WhiteElo "1560"]
[BlackElo "1794"]
[PlyCount "119"]
[EventDate "2011.??.??"]
[WhiteTeam "FC ST.Pauli 1910 eV SAbt"]
[BlackTeam "FC ST.Pauli 1910 eV SAbt"]

1. c4 Nf6 2. Nc3 e5 3. d3 Bb4 4. Bd2 Nc6 5. g3 d6 6. Bg2 O-O 7. Nf3 Bg4 8. O-O
h6 9. Re1 Qd7 10. Qc1 Bxc3 11. bxc3 Nh7 12. Rb1 Rab8 13. e4 f5 14. Nh4 g5 15.
Nxf5 Bxf5 16. exf5 Qxf5 17. Be4 Qf6 18. Rf1 Kg7 19. Qd1 Nd8 20. Qa4 Ne6 21.
Qxa7 Ra8 22. Qxb7 Rxa2 23. Be3 Qe7 24. Qb3 Ra5 25. Qd1 Nf6 26. Bg2 Ra2 27. Ra1
Rxa1 28. Qxa1 Nd7 29. d4 Nb6 30. Bd5 Nxd5 31. cxd5 exd4 32. cxd4 Nd8 33. Qd1
Qe4 34. Qb3 Nf7 35. Qb7 Kg6 36. Qxc7 Qxd5 37. Qc2+ Kg7 38. Qc7 Qe6 39. Rc1 Re8
40. Qc4 d5 41. Qc7 Re7 42. Qc6 Qe4 43. Rc5 Ra7 44. Rc1 h5 45. Qc3 h4 46. h3
hxg3 47. fxg3 Ra2 48. Bf2 Qf5 49. Qe1 Qxh3 50. Ra1 Rxa1 51. Qxa1 Qe6 52. Qe1
Qxe1+ 53. Bxe1 g4 54. Kf2 Kf6 55. Ke3 Kf5 56. Ba5 Nd6 57. Bc7 Nc4+ 58. Kd3 Ke6
59. Bf4 Kf5 60. Bc7 1/2-1/2

[Event "?"]
[Site "?"]
[Date "2011.07.09"]
[Round "1.16"]
[White "Haugwitz, Steffen"]
[Black "Burianek, Daniel"]
[Result "1/2-1/2"]
[WhiteElo "1504"]
[BlackElo "1787"]
[PlyCount "65"]
[EventDate "2011.??.??"]
[WhiteTeam "SF Hamburg eV 1934"]
[BlackTeam "SV VHS Rendsburg"]

1. e4 e5 2. Nf3 Nf6 3. Nc3 Bb4 4. Bc4 d6 5. d3 Be6 6. Bb3 Nbd7 7. Bd2 c6 8. O-O
O-O 9. Ng5 Bg4 10. f3 Bh5 11. g4 Bg6 12. f4 exf4 13. Bxf4 Ne5 14. Bxe5 dxe5 15.
Qf3 h6 16. Nh3 Qd4+ 17. Rf2 h5 18. Kh1 Nxg4 19. Rg2 Kh8 20. Rxg4 hxg4 21. Qxg4
Be7 22. Rg1 Bf6 23. Ng5 Qd8 24. Qh3+ Kg8 25. Nf3 Bh7 26. Qh5 Kh8 27. Nxe5 Bxe5
28. Qxe5 Qf6 29. Qc7 Qf3+ 30. Rg2 Qf1+ 31. Rg1 Qf3+ 32. Rg2 Qf1+ 33. Rg1
1/2-1/2

[Event "?"]
[Site "?"]
[Date "2011.07.09"]
[Round "1.17"]
[White "Meyer, Stefan"]
[Black "Krause, Werner"]
[Result "1-0"]
[WhiteElo "1784"]
[BlackElo "1498"]
[PlyCount "75"]
[EventDate "2011.??.??"]
[WhiteTeam "FC ST.Pauli 1910 eV SAbt"]
[BlackTeam "Hamburger SK von 1830 eV"]

1. f4 e5 2. fxe5 d6 3. exd6 Bxd6 4. Nf3 Bg4 5. e4 Bxf3 6. Qxf3 Qf6 7. Bc4 Nc6
8. c3 Ne5 9. Qe2 Nxc4 10. Qxc4 Qe5 11. Qd5 Qxd5 12. exd5 Nf6 13. c4 O-O 14. O-O
Bc5+ 15. Kh1 Rfe8 16. Nc3 Ng4 17. h3 Nf2+ 18. Kh2 Nd3 19. a3 Re5 20. b4 Bd4 21.
Rb1 Bxc3 22. dxc3 Re2 23. Bf4 Nxf4 24. Rxf4 Rae8 25. Rbf1 f6 26. R1f2 R2e3 27.
R4f3 R3e5 28. Rd2 Rd8 29. Rfd3 Kf7 30. Kg3 g5 31. Kf3 h5 32. Re3 g4+ 33. hxg4
hxg4+ 34. Kf4 Rxe3 35. Kxe3 f5 36. Kf4 Kf6 37. Re2 Rd6 38. Re5 1-0

[Event "?"]
[Site "?"]
[Date "2011.07.09"]
[Round "1.18"]
[White "Kamm, Karsten"]
[Black "Meyer, Thomas"]
[Result "0-1"]
[WhiteElo "1491"]
[BlackElo "1775"]
[PlyCount "70"]
[EventDate "2011.??.??"]
[WhiteTeam "FC ST.Pauli 1910 eV SAbt"]
[BlackTeam "Bergstedter SK von 1962"]

1. Nf3 d5 2. d4 f5 3. c4 c6 4. Bf4 e6 5. e3 Bb4+ 6. Nbd2 Nf6 7. Bg5 O-O 8. cxd5
cxd5 9. Ne5 Qa5 10. Bxf6 Rxf6 11. a3 Bd6 12. b4 Qd8 13. Ndf3 Bd7 14. b5 Bxb5
15. Bxb5 Qa5+ 16. Qd2 Qxb5 17. Qd3 Qxd3 18. Nxd3 Nc6 19. Ke2 Rff8 20. Rab1 b6
21. Rhc1 Na5 22. Nb4 h6 23. h4 Rac8 24. a4 Rxc1 25. Rxc1 Bxb4 26. Rc7 Rf7 27.
Rc8+ Kh7 28. Ne5 Re7 29. h5 g5 30. Ng6 Rf7 31. Ne5 Rb7 32. Re8 Re7 33. Rc8 Nb7
34. Ng6 Rd7 35. Nf8+ Bxf8 0-1

[Event "?"]
[Site "?"]
[Date "2011.07.09"]
[Round "1.19"]
[White "Keuneke, Hanno"]
[Black "Winkelmann, Jörg"]
[Result "0-1"]
[WhiteElo "1774"]
[BlackElo "1482"]
[PlyCount "70"]
[EventDate "2011.??.??"]
[WhiteTeam "Langenhorner SF 1928"]
[BlackTeam "Bremer SG von 1877"]

1. e4 e6 2. d4 d5 3. Nc3 Bb4 4. e5 c5 5. a3 Bxc3+ 6. bxc3 Ne7 7. Qg4 Qc7 8.
Qxg7 Rg8 9. Qxh7 cxd4 10. Ne2 Nbc6 11. f4 Bd7 12. Qd3 dxc3 13. Rb1 d4 14. Nxd4
Nxd4 15. Qxd4 Nf5 16. Qf2 Bc6 17. Rg1 Qd7 18. Bd3 Nd4 19. Be3 O-O-O 20. Bxd4
Qxd4 21. Rb4 Qd5 22. Qxa7 Rxg2 23. Rxg2 Qxg2 24. Qf2 Qh1+ 25. Ke2 Rg8 26. Ke3
Rg2 27. Qf1 Qxh2 28. Rb1 Qg3+ 29. Kd4 Rf2 30. Qe1 Qxf4+ 31. Kxc3 Rf3 32. Rb4
Qg5 33. Kd4 Qg8 34. Rc4 Qg5 35. Qe4 Rf4 0-1

[Event "?"]
[Site "?"]
[Date "2011.07.09"]
[Round "1.20"]
[White "Floren, Dieter"]
[Black "Holst, Marten"]
[Result "0-1"]
[WhiteElo "1480"]
[BlackElo "1774"]
[PlyCount "54"]
[EventDate "2011.??.??"]
[WhiteTeam "Hamburger SK von 1830 eV"]
[BlackTeam "SV Diag.Harburg 1926 eV"]

1. e4 e5 2. Nf3 Nc6 3. Bc4 Bc5 4. c3 Nf6 5. d4 exd4 6. cxd4 Bb4+ 7. Bd2 Bxd2+
8. Nbxd2 d5 9. exd5 Nxd5 10. O-O O-O 11. Re1 Nb6 12. Bd3 Nxd4 13. Nxd4 Qxd4 14.
Qc2 h6 15. Nf3 Qf6 16. Be4 c6 17. Rad1 Be6 18. Nd4 Bd5 19. Bxd5 Nxd5 20. Qb3
Rab8 21. Qa3 a6 22. Nf3 Rfe8 23. Rxe8+ Rxe8 24. Qb3 Re7 25. Kf1 g5 26. Qc2 g4
27. Nd4 Ne3+ 0-1

[Event "?"]
[Site "?"]
[Date "2011.07.09"]
[Round "1.21"]
[White "Rosenburg, Hauke"]
[Black "Fischer, Jürgen"]
[Result "1/2-1/2"]
[WhiteElo "1760"]
[BlackElo "1477"]
[PlyCount "57"]
[EventDate "2011.??.??"]
[WhiteTeam "SF Burg von 1966"]
[BlackTeam "FC ST.Pauli 1910 eV SAbt"]

1. c4 Nf6 2. Nc3 g6 3. Nf3 Bg7 4. d4 d5 5. cxd5 Nxd5 6. e4 Nxc3 7. bxc3 O-O 8.
Be3 Bg4 9. Be2 c5 10. O-O cxd4 11. Nxd4 Bxe2 12. Qxe2 Qc7 13. Rac1 a6 14. f3
Nd7 15. Rfd1 Rac8 16. Nb3 Be5 17. f4 Bd6 18. e5 Bc5 19. Nd4 e6 20. Rd3 Nb6 21.
c4 Rfd8 22. Nb3 Bxe3+ 23. Rxe3 Nxc4 24. Rec3 b5 25. a4 Qb6+ 26. Kh1 Rd5 27.
axb5 axb5 28. h3 Rcd8 29. Kh2 1/2-1/2

[Event "?"]
[Site "?"]
[Date "2011.07.09"]
[Round "1.22"]
[White "Raschka, Robert"]
[Black "Bausch, Jean"]
[Result "1/2-1/2"]
[WhiteElo "1474"]
[BlackElo "1758"]
[PlyCount "43"]
[EventDate "2011.??.??"]
[WhiteTeam "Hamburger SK von 1830 eV"]
[BlackTeam "Schachclub Unterhaching e.V."]

1. d4 d5 2. Nf3 Nf6 3. Bf4 e6 4. e3 Nbd7 5. Nbd2 c5 6. c3 Qb6 7. Qb3 Qxb3 8.
Nxb3 b6 9. Bb5 Bb7 10. Ne5 a6 11. Bc6 Bxc6 12. Nxc6 Nh5 13. Ne5 Nxf4 14. exf4
c4 15. Nxd7 Kxd7 16. Nd2 Bd6 17. g3 Rhe8 18. O-O b5 19. a3 Rac8 20. Nf3 f6 21.
Rfe1 Re7 22. Re2 1/2-1/2

[Event "?"]
[Site "?"]
[Date "2011.07.09"]
[Round "1.23"]
[White "Raedisch, Peter"]
[Black "Boxberger, Dieter"]
[Result "1-0"]
[WhiteElo "1757"]
[BlackElo "1468"]
[PlyCount "65"]
[EventDate "2011.??.??"]
[WhiteTeam "SF Hamburg eV 1934"]
[BlackTeam "SK Wilhelmsburg 1936 eV"]

1. e4 e5 2. Nf3 Nc6 3. Bc4 h6 4. c3 Nf6 5. d3 Bc5 6. d4 exd4 7. e5 Ng4 8. cxd4
Bb6 9. h3 Nxf2 10. Kxf2 O-O 11. Re1 d5 12. Bb3 Be6 13. Kg1 Qe7 14. Be3 f5 15.
exf6 Qxf6 16. Kh2 Ne7 17. Nc3 c6 18. Bc2 Bc7+ 19. Kg1 Bxh3 20. gxh3 Qxf3 21.
Qxf3 Rxf3 22. Bf2 Kf7 23. Kg2 Rf4 24. Bg3 Rxd4 25. Bxc7 Rd2+ 26. Re2 Rxc2 27.
Rxc2 d4 28. Ne4 Nd5 29. Rf1+ Kg6 30. Bf4 Kf5 31. Nd6+ Ke6 32. Nxb7 g5 33. Bd2
1-0

[Event "?"]
[Site "?"]
[Date "2011.07.09"]
[Round "1.24"]
[White "Skambraks, Torge"]
[Black "Wegner, Florian"]
[Result "1/2-1/2"]
[WhiteElo "1461"]
[BlackElo "1753"]
[PlyCount "49"]
[EventDate "2011.??.??"]
[WhiteTeam "SF Burg von 1966"]
[BlackTeam "Verein Segeberger SF"]

1. e4 e6 2. d4 d5 3. exd5 exd5 4. Bd3 Bd6 5. c3 Nc6 6. Nf3 Nge7 7. O-O Bg4 8.
Re1 Qd7 9. Nbd2 f6 10. b3 O-O-O 11. Qc2 h5 12. Bb2 g5 13. a3 h4 14. c4 Bxf3 15.
Nxf3 g4 16. Nd2 Kb8 17. cxd5 Nxd5 18. Bf5 Qg7 19. Ne4 Nde7 20. Nxd6 Rxd6 21.
Rad1 Nxf5 22. Qxf5 g3 23. fxg3 hxg3 24. h3 Qf7 25. Qf3 1/2-1/2

[Event "?"]
[Site "?"]
[Date "2011.07.09"]
[Round "1.25"]
[White "Xin, Ruidi"]
[Black "Werwitzke, Jasper"]
[Result "1-0"]
[WhiteElo "1752"]
[BlackElo "1460"]
[PlyCount "32"]
[EventDate "2011.??.??"]
[WhiteTeam "SC Diogenes eV"]
[BlackTeam "Elmshorner SC von 1896"]

1. e4 e5 2. Nf3 Nc6 3. d4 Bb4+ 4. c3 Bd6 5. d5 Nce7 6. Bd3 c6 7. O-O cxd5 8.
exd5 Nxd5 9. Bc4 Nb6 10. Bxf7+ Kxf7 11. Qxd6 Qf6 12. Qc7 Ne7 13. Bg5 Qf5 14.
Nxe5+ Ke8 15. Bxe7 Kxe7 16. Re1 Nc4 1-0

[Event "?"]
[Site "?"]
[Date "2011.07.09"]
[Round "1.28"]
[White "Kalauch, Jonathan"]
[Black "Kololli, Kevin"]
[Result "1/2-1/2"]
[WhiteElo "1417"]
[BlackElo "1741"]
[PlyCount "76"]
[EventDate "2011.??.??"]
[WhiteTeam "SK Marmstorf GW Harburg"]
[BlackTeam "Lübecker SV von 1873"]

1. c4 c5 2. g3 e5 3. Bg2 g6 4. e3 Bg7 5. Ne2 Nc6 6. O-O Nge7 7. Nbc3 O-O 8. a3
f5 9. f4 e4 10. d3 exd3 11. Qxd3 a6 12. Nd5 Rb8 13. Rb1 b5 14. b3 Kh8 15. Bb2
Bxb2 16. Rxb2 Nxd5 17. Bxd5 Qf6 18. Rd2 b4 19. a4 Bb7 20. Kf2 Na5 21. Bxb7 Nxb7
22. Qc2 d6 23. Qb2 Qxb2 24. Rxb2 Rbe8 25. Rd2 Re6 26. Rd3 Rfe8 27. Ng1 Nd8 28.
Nf3 Nf7 29. Rfd1 h6 30. h3 h5 31. Rg1 Kg7 32. g4 hxg4 33. hxg4 fxg4 34. Rxg4
Nh6 35. Rg1 Nf5 36. Re1 Kf6 37. Ng5 R6e7 38. Nf3 Re6 1/2-1/2

[Event "?"]
[Site "?"]
[Date "2011.07.09"]
[Round "1.29"]
[White "Krüger, David"]
[Black "Beifus, David"]
[Result "1-0"]
[WhiteElo "1740"]
[BlackElo "1379"]
[PlyCount "64"]
[EventDate "2011.??.??"]
[WhiteTeam "SV Eidelstedt"]
[BlackTeam "SG Glinde"]

1. d4 d5 2. c4 e6 3. Nc3 Nc6 4. Nf3 Nf6 5. Bg5 h6 6. Bxf6 Qxf6 7. cxd5 Nb4 8.
dxe6 Bxe6 9. e4 Be7 10. Bd3 Nxd3+ 11. Qxd3 O-O 12. O-O Rfd8 13. Qe3 c6 14. Rad1
Bg4 15. e5 Qf5 16. Ne4 Bxf3 17. Ng3 Qc2 18. Rd2 Qc4 19. b3 Qd5 20. gxf3 Bb4 21.
Rd3 Rf8 22. Kh1 Rae8 23. Ne4 Be7 24. Rg1 Kh7 25. Rdd1 f5 26. Nc3 Qa5 27. f4 g5
28. fxg5 Bxg5 29. Qd3 b5 30. Ne2 b4 31. f4 Qd5+ 32. Rg2 Bd8 1-0

[Event "?"]
[Site "?"]
[Date "2011.07.09"]
[Round "1.30"]
[White "Zumholz, Jan"]
[Black "Opasiak, Dustin Tennessee"]
[Result "0-1"]
[WhiteElo "1374"]
[BlackElo "1733"]
[PlyCount "89"]
[EventDate "2011.??.??"]
[WhiteTeam "SV Holstein Quickborn"]
[BlackTeam "SK Weisse Dame Hamburg"]

1. e4 e6 2. d4 d5 3. exd5 exd5 4. Nf3 Bd6 5. Nc3 c6 6. Be2 Nf6 7. Bg5 O-O 8.
O-O h6 9. Bh4 Be6 10. Qd2 Nbd7 11. Rae1 Qa5 12. Qd3 Bb4 13. a3 Bxc3 14. Qxc3
Qxc3 15. bxc3 Ne4 16. Bd3 Nxc3 17. Re3 Na4 18. Rb1 b5 19. Be7 Rfe8 20. Bb4 a5
21. Bd2 Bg4 22. Ne5 Nxe5 23. dxe5 f6 24. Rg3 Bh5 25. exf6 g6 26. Bxh6 Kf7 27.
Bg5 Nc5 28. Bh4 Nd7 29. f3 Nxf6 30. Rh3 g5 31. Bxg5 Bg6 32. Bxg6+ Kxg6 33. Bd2
Re2 34. Rd1 c5 35. c3 Nh5 36. g4 Nf4 37. Rg3 b4 38. cxb4 axb4 39. axb4 Ra2 40.
Be1 d4 41. bxc5 d3 42. Bc3 Nd5 43. Bd4 Nf4 44. h4 Rac2 45. Kf1 0-1

[Event "?"]
[Site "?"]
[Date "2011.07.09"]
[Round "1.33"]
[White "Poghosyan, Tigran"]
[Black "Niedwetzki, Jan Daniel"]
[Result "1-0"]
[WhiteElo "1728"]
[BlackElo "1257"]
[PlyCount "71"]
[EventDate "2011.??.??"]
[WhiteTeam "Lübecker SV von 1873"]
[BlackTeam "SC Diogenes eV"]

1. e4 e6 2. d4 d5 3. Nd2 Nf6 4. e5 Nfd7 5. f4 c5 6. c3 Nc6 7. Ndf3 cxd4 8. cxd4
Qb6 9. g3 Bb4+ 10. Kf2 a6 11. Kg2 h5 12. h4 Qa7 13. Bd2 Be7 14. Bc3 b5 15. a3
Bb7 16. Bd3 Nb6 17. b3 O-O-O 18. Ne2 Kb8 19. Qd2 f6 20. Rhc1 Rdf8 21. Bb4 Nxb4
22. axb4 Rc8 23. Rxc8+ Rxc8 24. Bxb5 Na8 25. Bd7 Rc7 26. Bxe6 Qb6 27. Bf5 Bxb4
28. Qe3 Rc6 29. Bd7 Rc7 30. e6 Be7 31. f5 Bc6 32. Bxc6 Rxc6 33. Nf4 Rc2+ 34.
Kh3 Qc6 35. Nxh5 Bf8 36. e7 1-0

[Event "?"]
[Site "?"]
[Date "2011.07.09"]
[Round "1.34"]
[White "Kalauch, Johannes"]
[Black "Angeli, Rudolf"]
[Result "1/2-1/2"]
[WhiteElo "1256"]
[BlackElo "1724"]
[PlyCount "38"]
[EventDate "2011.??.??"]
[WhiteTeam "SK Marmstorf GW Harburg"]
[BlackTeam "Volksdorfer SK 1948"]

1. c4 Nf6 2. g3 c6 3. Bg2 d5 4. b3 g6 5. Nf3 Bg7 6. Bb2 O-O 7. O-O Re8 8. e3
Bf5 9. d3 Bg4 10. h3 Bxf3 11. Qxf3 Nbd7 12. Nd2 e5 13. e4 d4 14. b4 Qc7 15.
Rfc1 c5 16. b5 a6 17. a4 Bh6 18. Qe2 b6 19. Rcb1 a5 1/2-1/2

[Event "?"]
[Site "?"]
[Date "2011.07.09"]
[Round "1.35"]
[White "Hopson, Kevin Mike"]
[Black "Frischmuth, Beate"]
[Result "1-0"]
[WhiteElo "1721"]
[BlackElo "1225"]
[PlyCount "109"]
[EventDate "2011.??.??"]
[WhiteTeam "Elmshorner SC von 1896"]
[BlackTeam "SK Union Eimsbuettel eV"]

1. e4 c5 2. Nf3 d6 3. d4 cxd4 4. Nxd4 Nf6 5. Nc3 g6 6. Bc4 Bg7 7. O-O O-O 8.
Re1 Nc6 9. Nb3 a6 10. a4 Ne5 11. Be2 Qc7 12. Nd4 b6 13. f4 Ned7 14. Bf3 Bb7 15.
Be3 Rac8 16. Rc1 e5 17. Nde2 Nc5 18. Ng3 Rfd8 19. Qe2 d5 20. fxe5 Nfxe4 21.
Ngxe4 Nxe4 22. Bxe4 dxe4 23. Qf2 Rd7 24. Bxb6 Qxe5 25. Rcd1 Rxd1 26. Rxd1 Re8
27. Qe3 f5 28. g3 h6 29. Rd7 Bc8 30. Bd4 Bxd7 31. Bxe5 Rxe5 32. h4 Kh7 33. Ne2
Bxa4 34. b3 Bc6 35. Qb6 Be8 36. c4 e3 37. Qxa6 g5 38. hxg5 hxg5 39. b4 Bh5 40.
c5 Bxe2 41. Qxe2 f4 42. gxf4 gxf4 43. Kg2 Rd5 44. Qc2+ Kh6 45. Qc4 Rd2+ 46. Kg1
Kg5 47. Qg8 Kf6 48. Qb8 Bh6 49. Qh8+ Kg6 50. Qe8+ Kg7 51. Qe5+ Kg6 52. c6 e2
53. c7 Rd1+ 54. Kf2 e1=Q+ 55. Qxe1 1-0

[Event "?"]
[Site "?"]
[Date "2011.07.09"]
[Round "1.36"]
[White "Fieron, Andreas"]
[Black "Schoppe, Gottfried"]
[Result "1/2-1/2"]
[WhiteElo "1215"]
[BlackElo "1720"]
[PlyCount "63"]
[EventDate "2011.??.??"]
[WhiteTeam "Niendorfer TSV 1919 SAbt"]
[BlackTeam "SK Caissa Rahlstedt von 1965 e.V"]

1. e4 e5 2. Nf3 Nc6 3. Bb5 a6 4. Ba4 Nf6 5. Nc3 Bc5 6. O-O O-O 7. d3 h6 8. a3
b5 9. Bb3 d6 10. h3 Re8 11. Be3 Bxe3 12. fxe3 Be6 13. Bxe6 Rxe6 14. Qe2 Nh5 15.
Qf2 Qd7 16. Nd5 Nf6 17. Rad1 Ne7 18. Nc3 Qc6 19. Rd2 a5 20. Ne2 b4 21. axb4
axb4 22. b3 Ra2 23. Ng3 Ng6 24. Nf5 Re8 25. N3h4 Nxh4 26. Nxh4 Re6 27. Nf5 Kh7
28. Ng3 Qe8 29. Qe1 Ra7 30. Rdf2 c5 31. Rf3 Ng8 32. Nf5 1/2-1/2

[Event "?"]
[Site "?"]
[Date "2011.07.09"]
[Round "1.37"]
[White "Schwarz, Nico"]
[Black "Gorbach, Mark"]
[Result "1-0"]
[WhiteElo "1716"]
[BlackElo "1197"]
[PlyCount "53"]
[EventDate "2011.??.??"]
[WhiteTeam "Stader SV"]
[BlackTeam "KSV Rochade Göttingen"]

1. e4 e5 2. Nf3 Nc6 3. Bc4 Be7 4. O-O d6 5. Nc3 Bg4 6. d3 Nd4 7. Be3 Nxf3+ 8.
gxf3 Bh3 9. Re1 Nf6 10. Kh1 g5 11. Rg1 Nh5 12. f4 Nxf4 13. Bxf4 gxf4 14. Qh5
Bc8 15. Qxf7+ Kd7 16. Qe6+ Ke8 17. Rg8+ Rxg8 18. Qxg8+ Kd7 19. Be6+ Kc6 20.
Bd5+ Kd7 21. Qg4+ Ke8 22. Qh5+ Kd7 23. Qf5+ Ke8 24. Bf7+ Kf8 25. Be6+ Kg7 26.
Qf7+ Kh8 27. Rg1 1-0

[Event "?"]
[Site "?"]
[Date "2011.07.09"]
[Round "1.39"]
[White "Bode, Heinrich"]
[Black "Lingstädt, Nils"]
[Result "1-0"]
[WhiteElo "1705"]
[BlackElo "1134"]
[PlyCount "39"]
[EventDate "2011.??.??"]
[WhiteTeam "SC Schwarz-Weiss Harburg"]
[BlackTeam "Hamburger SK von 1830 eV"]

1. e4 e5 2. Nf3 Nc6 3. Bc4 Bc5 4. d3 Nf6 5. Nc3 Ne7 6. Nxe5 O-O 7. Bg5 Bd4 8.
Bxf6 gxf6 9. Qg4+ Ng6 10. Nxg6 hxg6 11. Qxg6+ Kh8 12. Bxf7 Rxf7 13. Qxf7 c6 14.
Qc4 Qb6 15. O-O-O Bxf2 16. d4 Be3+ 17. Kb1 Bh6 18. Rhf1 Bg7 19. Rf4 d6 20. Rh4+
1-0

[Event "?"]
[Site "?"]
[Date "2011.07.09"]
[Round "1.40"]
[White "Killgus, Leonard"]
[Black "Svane, Frederik"]
[Result "0-1"]
[WhiteElo "1076"]
[BlackElo "1699"]
[PlyCount "68"]
[EventDate "2011.??.??"]
[WhiteTeam "SK Johanneum Eppendorf"]
[BlackTeam "Lübecker SV von 1873"]

1. e4 c5 2. Nf3 Nc6 3. d4 cxd4 4. Nxd4 Nf6 5. Nc3 e5 6. Ndb5 d6 7. Bg5 a6 8.
Na3 b5 9. Nd5 Be7 10. Bxf6 Bxf6 11. Be2 Bg5 12. O-O O-O 13. c3 Kh8 14. Re1 g6
15. Bf1 Be6 16. Nc2 f5 17. Ncb4 Nxb4 18. Nxb4 Be7 19. Nc6 Qd7 20. Nxe7 Qxe7 21.
Qd2 Rad8 22. a4 Qb7 23. exf5 gxf5 24. axb5 axb5 25. f4 Rg8 26. fxe5 dxe5 27.
Qh6 Rg6 28. Qe3 e4 29. Ra7 Qd5 30. Be2 Rdg8 31. Bf1 Rg4 32. c4 bxc4 33. Qc3+
R8g7 34. Be2 Qc5+ 0-1

[Event "?"]
[Site "?"]
[Date "2011.07.09"]
[Round "1.41"]
[White "Andris, Valentin"]
[Black "Ryll, Alex"]
[Result "1-0"]
[WhiteElo "1697"]
[BlackElo "1052"]
[PlyCount "107"]
[EventDate "2011.??.??"]
[WhiteTeam "Schachclub Barsbüttel e. V."]
[BlackTeam "SK Johanneum Eppendorf"]

1. d4 d5 2. c4 c6 3. Nf3 Nf6 4. Nc3 e6 5. e3 Qc7 6. Qc2 Bb4 7. Bd3 Nbd7 8. O-O
O-O 9. Bd2 Bd6 10. c5 Be7 11. b4 a6 12. Nd1 e5 13. Be2 Ne4 14. Bc1 Rb8 15. Bb2
Bf6 16. Bd3 Re8 17. Bxe4 dxe4 18. Qxe4 b6 19. a3 bxc5 20. bxc5 Bb7 21. Qf5 g6
22. Qc2 Bg7 23. a4 a5 24. Bc3 Ba6 25. Re1 Bc4 26. Nb2 Bd5 27. Nd2 f5 28. Nbc4
e4 29. Bxa5 Qa7 30. Bb6 Nxb6 31. Nxb6 Be6 32. a5 Qa6 33. Qa4 Bc8 34. Ndc4 Bf8
35. Ne5 Qb5 36. Qxb5 cxb5 37. a6 Bb7 38. axb7 Rxb7 39. Reb1 Bxc5 40. dxc5 Rxe5
41. Rxb5 Rc7 42. Ra8+ Kg7 43. Rc8 Ra7 44. g3 Ra2 45. Ra8 Rc2 46. Ra7+ Kh6 47.
Rc7 g5 48. Nd7 Rc1+ 49. Kg2 Rd5 50. Rb6+ Kh5 51. Nf6+ Kh6 52. Ng8+ Kh5 53.
Rxh7+ Kg4 54. h3# 1-0

[Event "?"]
[Site "?"]
[Date "2011.07.09"]
[Round "1.45"]
[White "Bücker, Simone"]
[Black "Svane, Freja"]
[Result "1-0"]
[WhiteElo "1658"]
[BlackElo "820"]
[PlyCount "69"]
[EventDate "2011.??.??"]
[WhiteTeam "SV Holstein Quickborn"]
[BlackTeam "Lübecker SV von 1873"]

1. d4 d5 2. Nf3 Nc6 3. Bf4 Bf5 4. c3 Qd7 5. e3 O-O-O 6. Bb5 a6 7. Ne5 Qe6 8.
Bxc6 bxc6 9. Qa4 Kb7 10. Nd2 Ra8 11. b4 Nf6 12. Nb3 Nd7 13. Nxd7 Qxd7 14. Nc5+
Kc8 15. Nxd7 Kxd7 16. Qa5 Rc8 17. Qxa6 g6 18. a4 Bg7 19. Kd2 Rhe8 20. h3 h6 21.
g4 Be6 22. a5 Ra8 23. Qe2 g5 24. Bg3 Rh8 25. a6 h5 26. b5 cxb5 27. Qxb5+ Kd8
28. Qc6 hxg4 29. Qxa8+ Kd7 30. Qxh8 Bxh8 31. a7 Bf6 32. a8=Q gxh3 33. Qb7 Ke8
34. Ra8+ Kd7 35. Qxc7# 1-0

[Event "?"]
[Site "?"]
[Date "2011.07.09"]
[Round "1.8"]
[White "McClung, Gregory"]
[Black "Kastner, Hannes"]
[Result "0-1"]
[WhiteElo "1583"]
[BlackElo "1832"]
[PlyCount "136"]
[EventDate "2011.??.??"]
[WhiteTeam "Hamburger SK von 1830 eV"]
[BlackTeam "Schachfreunde Gerresheim 86 e.V."]

1. e4 e6 2. d4 c5 3. Nf3 cxd4 4. Nxd4 Bc5 5. Nb5 Qb6 6. Qf3 a6 7. N5a3 Ne7 8.
Be2 Nbc6 9. Nc4 Qc7 10. O-O O-O 11. c3 f5 12. Bg5 fxe4 13. Qh5 d5 14. Bxe7 Bxe7
15. Ne3 Bd7 16. Nxd5 exd5 17. Qxd5+ Kh8 18. Qxe4 Rae8 19. Qc2 Bf5 20. Bd3 Nb4
21. cxb4 Qxc2 22. Bxc2 Bxc2 23. a3 Bf6 24. Nc3 Rc8 25. Rac1 Bg6 26. h3 Bd4 27.
a4 Bd3 28. Rfd1 Bxf2+ 29. Kh1 Bg6 30. Nd5 Rxc1 31. Rxc1 Be4 32. Nc3 Bc6 33. b5
axb5 34. axb5 Be8 35. Ne4 Kg8 36. Rc8 Bxb5 37. Rxf8+ Kxf8 38. Nxf2 Bc6 39. Kg1
Ke7 40. g4 Kd6 41. Kf1 Kd5 42. Ke2 Kd4 43. g5 Ke5 44. Ke3 Kf5 45. h4 Bg2 46. b4
Bc6 47. Kd4 Kf4 48. Nd3+ Kg3 49. h5 Kh4 50. Ne5 Kxh5 51. Nxc6 bxc6 52. Kc5 Kxg5
53. Kxc6 h5 54. b5 h4 55. b6 h3 56. b7 h2 57. b8=Q h1=Q+ 58. Kc5 Qc1+ 59. Kd5
Qd2+ 60. Ke4 Qe2+ 61. Kd5 Qd3+ 62. Ke6 Qf5+ 63. Ke7 Qf6+ 64. Ke8 Kf5 65. Qb1+
Ke6 66. Qe4+ Qe5 67. Qg4+ Kf6+ 68. Kd7 Qf5+ 0-1

[Event "?"]
[Site "?"]
[Date "2011.07.09"]
[Round "1.26"]
[White "Rogozenco, Teodora"]
[Black "Lorsbach, Heinz"]
[Result "1/2-1/2"]
[WhiteElo "1427"]
[BlackElo "1750"]
[PlyCount "67"]
[EventDate "2011.??.??"]
[WhiteTeam "Hamburger SK von 1830 eV"]
[BlackTeam "FC ST.Pauli 1910 eV SAbt"]

1. Nf3 d5 2. d4 Nf6 3. c4 Bg4 4. Ne5 dxc4 5. Nxg4 Nxg4 6. e4 Nf6 7. Nc3 e6 8.
Bxc4 Bb4 9. e5 Nd5 10. Bd2 c5 11. Nxd5 Bxd2+ 12. Qxd2 exd5 13. Bb5+ Nc6 14.
dxc5 O-O 15. f4 Nd4 16. Be2 Nxe2 17. Kxe2 Qd7 18. Kf2 a5 19. Rhd1 Rfd8 20. Kg1
Qb5 21. Rac1 Rac8 22. Qf2 Qa4 23. b3 Qe4 24. Rd4 Qg6 25. Qd2 b6 26. Rxd5 Rxd5
27. Qxd5 bxc5 28. Qd7 Qa6 29. Rc4 h6 30. Qd6 Qb7 31. Kf1 h5 32. Rxc5 Rxc5 33.
Qxc5 Qe4 34. Qc1 {Rest unklar} 1/2-1/2

[Event "?"]
[Site "?"]
[Date "2011.07.09"]
[Round "1.27"]
[White "Hall, Dean"]
[Black "Malicki, Rudolfo"]
[Result "1-0"]
[WhiteElo "1744"]
[BlackElo "1420"]
[PlyCount "53"]
[EventDate "2011.??.??"]
[WhiteTeam "SSG Stotel/Loxstedt"]
[BlackTeam "SAbt SV Lurup Hamb. 1923"]

1. e4 d6 2. d4 Nf6 3. Nc3 g6 4. h3 Bg7 5. Nf3 c5 6. d5 a6 7. a4 O-O 8. Be3 Qa5
9. Nd2 e6 10. Nc4 Qc7 11. dxe6 Rd8 12. exf7+ Kxf7 13. Bf4 Bf8 14. a5 Nc6 15.
Nb6 Rb8 16. Bc4+ Be6 17. Bxe6+ Kxe6 18. Qe2 Kf7 19. Nbd5 Nxd5 20. Nxd5 Qd7 21.
Rd1 Qe6 22. O-O Nxa5 23. Bg5 Re8 24. Qf3+ Kg7 25. Qc3+ Kf7 26. Qxa5 Qxe4 27.
Qc7+ 1-0

[Event "?"]
[Site "?"]
[Date "2011.07.09"]
[Round "1.31"]
[White "Stoll, Robert"]
[Black "Bernstengel, Aaron"]
[Result "1/2-1/2"]
[WhiteElo "1732"]
[BlackElo "1329"]
[PlyCount "120"]
[EventDate "2011.??.??"]
[WhiteTeam "SG Glinde"]
[BlackTeam "SC Diogenes eV"]

1. d4 d5 2. c4 e6 3. Nc3 Nf6 4. Bg5 Nbd7 5. e3 c6 6. Nf3 Qa5 7. Qa4 Qxa4 8.
Nxa4 Bb4+ 9. Nc3 Ne4 10. Rc1 Nxg5 11. Nxg5 Nb6 12. b3 dxc4 13. Bxc4 Nxc4 14.
bxc4 b5 15. c5 a5 16. Nge4 Ke7 17. f4 f5 18. Nd6 Ba6 19. Kd2 a4 20. Kc2 Ba5 21.
e4 g6 22. Rhe1 b4 23. exf5 gxf5 24. Nxf5+ Kf6 25. Nd6 bxc3 26. g4 Rab8 27. Ne4+
Kf7 28. Nxc3 a3 29. Rb1 Rxb1 30. Rxb1 Rd8 31. Rb3 Rxd4 32. Rxa3 Bd3+ 33. Kb2
Bxc3+ 34. Kxc3 Rd5 35. Kb4 Bb5 36. Rf3 Rd4+ 37. Kb3 Rc4 38. h4 Rxc5 39. Rf2 Rd5
40. Kb4 Ke7 41. a3 Rd4+ 42. Kb3 Kd6 43. g5 Rd3+ 44. Kb4 Rh3 45. a4 Bxa4 46.
Rd2+ Kc7 47. Kxa4 Rxh4 48. Rf2 e5 49. Re2 Rxf4+ 50. Kb3 Rf5 51. Rg2 e4 52. Kc2
e3 53. Kd3 Re5 54. Ke2 c5 55. Rh2 Re7 56. Rh6 c4 57. g6 hxg6 58. Rxg6 c3 59.
Rg4 Kb6 60. Rc4 Rc7 1/2-1/2